[Event "15. Offene HH Senioren EM 2008"]
[Site "Hamburg"]
[Date "2008.10.30"]
[Round "4.25"]
[White "Ramm, Helga"]
[Black "Hofmeier, Arthur"]
[Result "0-1"]
[WhiteElo "919"]
[BlackElo "1420"]
[PlyCount "62"]
[EventDate "2008.??.??"]
[WhiteTeam "Niendorfer TSV 1919 SAbt"]
[BlackTeam "Hamburger SK von 1830 eV"]

1. Nf3 c5 2. e4 Nc6 3. Nc3 e5 4. Bc4 h6 5. d3 Nf6 6. Ne2 Bd6 7. Be3 a6 8. c3 b5
9. Bd5 Bb7 10. O-O O-O 11. Ng3 Nxd5 12. exd5 Ne7 13. Nh5 Nf5 14. Bd2 Bxd5 15.
Re1 f6 16. c4 Bf7 17. g4 Nd4 18. Nxd4 cxd4 19. g5 fxg5 20. Qg4 Bg6 21. Qe2 Qe8
22. c5 Bxh5 23. Qe4 Bf3 24. Qxa8 Bxa8 25. cxd6 Qh5 26. Kf1 Qg4 27. Re4 Bxe4 28.
dxe4 Qxe4 29. Re1 Qf3 30. Re2 d3 31. Be3 Qh1# 0-1

[Event "15. Offene HH Senioren EM 2008"]
[Site "Hamburg"]
[Date "2008.10.31"]
[Round "5.1"]
[White "Putzbach, Gerd"]
[Black "Jacoby, Gisbert"]
[Result "1/2-1/2"]
[WhiteElo "2297"]
[BlackElo "2186"]
[PlyCount "42"]
[EventDate "2008.??.??"]
[WhiteTeam "Niendorfer TSV 1919 SAbt"]
[BlackTeam "Koenigsspr.SC.1984 e.V."]

1. e4 e5 2. Nf3 Nc6 3. Bb5 a6 4. Ba4 Nf6 5. O-O b5 6. Bb3 Be7 7. Re1 d6 8. c3
O-O 9. h3 Bb7 10. d4 Re8 11. Nbd2 Bf8 12. a3 h6 13. Bc2 Nb8 14. b4 Nbd7 15. Bb2
a5 16. Bd3 c6 17. c4 exd4 18. cxb5 cxb5 19. Nxd4 axb4 20. axb4 d5 21. Rxa8 Bxa8
1/2-1/2

[Event "15. Offene HH Senioren EM 2008"]
[Site "Hamburg"]
[Date "2008.10.31"]
[Round "5.2"]
[White "Hawranke, Dietrich"]
[Black "Gehrke, Rolf"]
[Result "1-0"]
[WhiteElo "2127"]
[BlackElo "2052"]
[PlyCount "73"]
[EventDate "2008.??.??"]
[WhiteTeam "Pinneberger SC 1932 eV"]
[BlackTeam "SC Concordia SAbt Palamedes"]

1. d4 c5 2. d5 g6 3. e4 Bg7 4. Nf3 d6 5. Be2 Bd7 6. Nc3 Na6 7. O-O Nc7 8. a4 b6
9. Re1 Nh6 10. Bg5 f6 11. Bc1 Nf7 12. Nd2 a6 13. Nc4 Rb8 14. Bg4 Ne5 15. Nxe5
fxe5 16. Qf3 Bxg4 17. Qxg4 Qd7 18. Qh4 Kd8 19. Nd1 Ne8 20. Ne3 Nf6 21. Bd2 Qc8
22. f3 Ke8 23. Nc4 Qd7 24. b4 Qc7 25. b5 a5 26. Ra3 Qd7 27. Rd3 Qc7 28. f4 exf4
29. e5 dxe5 30. d6 exd6 31. Rxd6 Nd7 32. Bxf4 Kf7 33. Red1 Nf6 34. Bxe5 Qe7 35.
Bxf6 Bxf6 36. Rxf6+ Kg7 37. Rxg6+ 1-0

[Event "15. Offene HH Senioren EM 2008"]
[Site "Hamburg"]
[Date "2008.10.31"]
[Round "5.3"]
[White "Weiss, Siegfried"]
[Black "Diehl, Walter"]
[Result "0-1"]
[WhiteElo "2056"]
[BlackElo "1931"]
[PlyCount "70"]
[EventDate "2008.??.??"]
[WhiteTeam "Koenigsspr.SC.1984 e.V."]
[BlackTeam "Altonaer SK 1873 eV"]

1. e3 c5 2. f4 Nc6 3. Nf3 g6 4. Be2 Bg7 5. O-O d5 6. d3 Nh6 7. Qe1 Nf5 8. c3 e5
9. e4 dxe4 10. dxe4 Nd6 11. fxe5 Nxe5 12. Bf4 Nxf3+ 13. Rxf3 Qb6 14. Na3 O-O
15. e5 Nf5 16. Nc4 Qe6 17. Rd1 b5 18. Nd6 a6 19. Nxf5 Qxf5 20. Bd3 Qe6 21. Be4
Ra7 22. Bd5 Qe7 23. Re3 Be6 24. c4 bxc4 25. Bxe6 Qxe6 26. Rd6 Qf5 27. Bg3 Re8
28. Rf3 Qc2 29. Rf2 Qa4 30. h4 Rae7 31. Qf1 Bxe5 32. Bxe5 Rxe5 33. Rxf7 Re1 34.
Rf8+ Kg7 35. Rf7+ Kh6 0-1

[Event "15. Offene HH Senioren EM 2008"]
[Site "Hamburg"]
[Date "2008.10.31"]
[Round "5.4"]
[White "Gollasch, Theo Heinz"]
[Black "Brueckner, Gerhard"]
[Result "1-0"]
[WhiteElo "2109"]
[BlackElo "1867"]
[PlyCount "61"]
[EventDate "2008.??.??"]
[WhiteTeam "Hamburger SK von 1830 eV"]
[BlackTeam "Pinneberger SC 1932 eV"]

1. Nf3 b6 2. g3 Bb7 3. Bg2 e5 4. c4 d6 5. Nc3 Nd7 6. O-O Rb8 7. d4 Ngf6 8. d5
Be7 9. Nh4 O-O 10. Nf5 Re8 11. Nxe7+ Rxe7 12. e4 Bc8 13. b4 Nf8 14. Bg5 h6 15.
Bxf6 gxf6 16. Qh5 Kg7 17. f4 Nh7 18. Rf2 a5 19. b5 Bd7 20. Raf1 Qh8 21. Nd1 Rg8
22. Ne3 Kf8 23. Qxh6+ Ke8 24. Bh3 Rg6 25. Bxd7+ Kxd7 26. Qh3+ Kd8 27. Nf5 Re8
28. fxe5 Rxe5 29. Rf4 Qg8 30. Nd4 Rxg3+ 31. hxg3 1-0

[Event "15. Offene HH Senioren EM 2008"]
[Site "Hamburg"]
[Date "2008.10.31"]
[Round "5.5"]
[White "Cassens, Erhard Otto"]
[Black "Strenzke, Guenter"]
[Result "0-1"]
[WhiteElo "1785"]
[BlackElo "1976"]
[PlyCount "114"]
[EventDate "2008.??.??"]
[WhiteTeam "SAbt SV Lurup Hamb. 1923"]
[BlackTeam "SV Großhansdorf"]

1. f4 g6 2. Nf3 Bg7 3. d3 d5 4. c3 c5 5. Qc2 Nc6 6. e4 e5 7. exd5 Qxd5 8. c4
Qd6 9. fxe5 Nxe5 10. Nxe5 Bxe5 11. Qe2 Ne7 12. Nc3 O-O 13. Ne4 Qc7 14. Be3 b6
15. O-O-O Nf5 16. g3 Nxe3 17. Qxe3 Bb7 18. Bh3 f5 19. Ng5 Rae8 20. Qd2 Bxh1 21.
Rxh1 Bd4 22. Re1 Rxe1+ 23. Qxe1 Qe5 24. Qxe5 Bxe5 25. Bg2 Re8 26. Bd5+ Kg7 27.
b3 h6 28. Nf3 Kf6 29. a3 g5 30. b4 g4 31. Nd2 Bd4 32. Nb3 Bg1 33. bxc5 bxc5 34.
Kd2 Rb8 35. Kc3 Re8 36. d4 Bxh2 37. dxc5 Bxg3 38. c6 Be1+ 39. Kd3 Ke5 40. Nc5
Ba5 41. Nd7+ Kd6 42. Nf6 Bb6 43. Ng8 h5 44. Nh6 Rf8 45. Nf7+ Kc7 46. Ng5 Re8
47. Ne6+ Kd6 48. Ng7 Re3+ 49. Kd2 Rxa3 50. Nxf5+ Ke5 51. Nh4 Kf6 52. Ng2 Kg5
53. Ne1 g3 54. Nd3 h4 55. c5 Bc7 56. Ne1 h3 57. Nf3+ Rxf3 0-1

[Event "15. Offene HH Senioren EM 2008"]
[Site "Hamburg"]
[Date "2008.10.31"]
[Round "5.6"]
[White "Ristic, Sreten"]
[Black "Klinkow, Alexander"]
[Result "1-0"]
[WhiteElo "1937"]
[BlackElo "1617"]
[PlyCount "126"]
[EventDate "2008.??.??"]
[WhiteTeam "Altonaer SK 1873 eV"]
[BlackTeam "SF Wedel"]

1. e4 e6 2. d4 d5 3. Bd3 c5 4. c3 Nc6 5. Nf3 Qb6 6. exd5 exd5 7. O-O cxd4 8.
cxd4 Be6 9. Nc3 Be7 10. Re1 a6 11. Na4 Qc7 12. Be3 Nf6 13. h3 Nd7 14. a3 O-O
15. Rc1 Qd8 16. Qd2 Rc8 17. Bb1 b5 18. Nc3 Na5 19. Qd3 Nf6 20. Rcd1 Nc4 21. Bc1
Nd6 22. Bf4 Bf5 23. Bxd6 Bxd3 24. Bxe7 Qd7 25. Rxd3 Rfe8 26. Rde3 Nh5 27. Re5
Nf4 28. Bf5 Ne6 29. Bb4 Rxc3 30. Bxc3 Qc6 31. Bd3 f6 32. R5e2 Nc7 33. Rxe8+
Nxe8 34. Nh4 g6 35. Bb4 Nd6 36. Re6 Qc1+ 37. Kh2 Qf4+ 38. Kg1 Qc1+ 39. Re1 Qf4
40. Bxd6 Qxd6 41. g3 Kf7 42. Bf1 b4 43. a4 b3 44. Bg2 Qc6 45. Bf3 Qc4 46. Rd1
f5 47. Ng2 Qc2 48. Ne3 Qxb2 49. Bxd5+ Kf6 50. Bc4 Qa3 51. Bxa6 Qxa4 52. Bc4 b2
53. Rb1 Qa3 54. Kf1 Kg5 55. Ke2 f4 56. h4+ Kh5 57. gxf4 Qc3 58. d5 Qd4 59. d6
Qxd6 60. Rxb2 Qxf4 61. Rb7 Kh6 62. Bg8 g5 63. Rxh7+ Kg6 1-0

[Event "15. Offene HH Senioren EM 2008"]
[Site "Hamburg"]
[Date "2008.10.31"]
[Round "5.7"]
[White "Soltau, Achim"]
[Black "Raedisch, Peter"]
[Result "1-0"]
[WhiteElo "1950"]
[BlackElo "1817"]
[PlyCount "47"]
[EventDate "2008.??.??"]
[WhiteTeam "SK Johanneum Eppendorf"]
[BlackTeam "SF Hamburg eV 1934"]

1. d4 d5 2. Nf3 Nf6 3. c4 dxc4 4. Nc3 e6 5. e4 c5 6. Bxc4 cxd4 7. Qxd4 Qxd4 8.
Nxd4 Bb4 9. O-O Bxc3 10. bxc3 Nxe4 11. Nb5 Na6 12. Ba3 Bd7 13. Rfd1 O-O-O 14.
f3 Bxb5 15. Bxb5 Nec5 16. Rd4 e5 17. Rc4 Rd5 18. Bxa6 bxa6 19. Bxc5 Kd7 20.
Bxa7 Rd2 21. Be3 Rc2 22. Rd1+ Ke6 23. Rc6+ Kf5 24. g4# 1-0

[Event "15. Offene HH Senioren EM 2008"]
[Site "Hamburg"]
[Date "2008.10.31"]
[Round "5.8"]
[White "Schulz, Hans Juergen"]
[Black "Scheinpflug, Michael"]
[Result "1/2-1/2"]
[WhiteElo "2015"]
[BlackElo "1814"]
[PlyCount "57"]
[EventDate "2008.??.??"]
[WhiteTeam "Hamburger SK von 1830 eV"]
[BlackTeam "SF Wedel"]

1. e4 c6 2. d4 d5 3. Nc3 dxe4 4. f3 exf3 5. Nxf3 Bg4 6. h3 Bxf3 7. Qxf3 e6 8.
Bd3 Nf6 9. Be3 Bd6 10. O-O-O Qc7 11. Rhf1 Rf8 12. g4 Nbd7 13. Ne2 Nd5 14. Bd2
O-O-O 15. Kb1 Nb4 16. Bc4 b5 17. Bb3 Nb6 18. Rc1 N4d5 19. c4 bxc4 20. Bxc4 Nxc4
21. Rxc4 Qb6 22. Rfc1 Kd7 23. R1c2 Rb8 24. Ka1 f5 25. g5 f4 26. a3 Qb3 27. Qf1
Qd3 28. Qf2 Ne3 29. Bxe3 1/2-1/2

[Event "15. Offene HH Senioren EM 2008"]
[Site "Hamburg"]
[Date "2008.10.31"]
[Round "5.9"]
[White "Funke, Hermann"]
[Black "Schierholz, Guenter"]
[Result "0-1"]
[WhiteElo "1418"]
[BlackElo "1871"]
[PlyCount "126"]
[EventDate "2008.??.??"]
[WhiteTeam "SK Johanneum Eppendorf"]
[BlackTeam "Koenigsspr.SC.1984 e.V."]

1. e4 c5 2. Nf3 e6 3. d4 cxd4 4. Nxd4 a6 5. Be3 Nf6 6. Nc3 d6 7. Be2 Be7 8. f3
Qc7 9. g4 b5 10. a3 Bb7 11. h4 Nc6 12. h5 Ne5 13. g5 Nfd7 14. f4 Nc4 15. Bxc4
Qxc4 16. Qd3 Rc8 17. Qxc4 Rxc4 18. Kd2 Rc8 19. g6 Nc5 20. gxf7+ Kxf7 21. f5 e5
22. Ne6 Nxe6 23. fxe6+ Kxe6 24. Rhg1 Bf6 25. Bg5 Rhg8 26. Rad1 h6 27. Be3 Rcf8
28. Rg6 Bc6 29. Nd5 Bxd5 30. exd5+ Kxd5 31. Kc1+ Ke6 32. Rdg1 Rh8 33. Bd2 Rc8
34. Bc3 Rc4 35. Rh1 Rhc8 36. Rh2 Re4 37. Bb4 Rf4 38. b3 d5 39. Rg1 e4 40. Bd2
Rf3 41. Rhg2 Rh3 42. Rxg7 Bxg7 43. Rxg7 e3 44. Bb4 Re8 45. Rg6+ Kf5 46. Rxh6
Rh1+ 47. Kb2 e2 48. Rxa6 e1=Q 49. Bxe1 Rhxe1 50. Rb6 Rh8 51. Rxb5 Ke4 52. Rb4+
d4 53. c3 Re2+ 54. Kc1 Rd8 55. a4 Ke3 56. cxd4 Rxd4 57. Rxd4 Kxd4 58. b4 Kc4
59. b5 Kc5 60. h6 Rh2 61. Kb1 Kb6 62. Kc1 Rxh6 63. Kc2 Rh3 0-1

[Event "15. Offene HH Senioren EM 2008"]
[Site "Hamburg"]
[Date "2008.10.31"]
[Round "5.10"]
[White "Bahr, Peter"]
[Black "Horstmann, Axel"]
[Result "1-0"]
[WhiteElo "2028"]
[BlackElo "1581"]
[PlyCount "63"]
[EventDate "2008.??.??"]
[WhiteTeam "SF Sasel 1947"]
[BlackTeam "Hamburger SK von 1830 eV"]

1. d4 d5 2. c4 e6 3. Nf3 Nf6 4. Nc3 c6 5. Bg5 h6 6. Bh4 g5 7. Bg3 dxc4 8. e4 b5
9. a3 Bb7 10. Be2 a6 11. O-O c5 12. Be5 Nbd7 13. Qc2 Nxe5 14. dxe5 Nd7 15. b3
cxb3 16. Qxb3 Qc7 17. Rab1 Rb8 18. Qb2 b4 19. axb4 cxb4 20. Na4 Bxe4 21. Rbc1
Qb7 22. Qd4 Bc6 23. Qa1 Bb5 24. Rfe1 Bxe2 25. Rxe2 Rc8 26. Rd1 Bg7 27. Red2 Rc7
28. Rd6 g4 29. Qd4 Qb5 30. Nb6 Nxb6 31. Rd8+ Ke7 32. Qd6# 1-0

[Event "15. Offene HH Senioren EM 2008"]
[Site "Hamburg"]
[Date "2008.10.31"]
[Round "5.11"]
[White "Marquardt, Rolf"]
[Black "Werner, Joern"]
[Result "1-0"]
[WhiteElo "1778"]
[BlackElo "1579"]
[PlyCount "51"]
[EventDate "2008.??.??"]
[WhiteTeam "Langenhorner SF 1928"]
[BlackTeam "SK Wilhelmsburg 1936 eV"]

1. d4 d5 2. Bf4 e6 3. e3 Bd6 4. Bg3 Nf6 5. Bd3 c6 6. Nd2 Qe7 7. Ngf3 Nbd7 8.
Ne5 c5 9. c3 a6 10. Ndf3 h6 11. Rc1 c4 12. Bb1 b5 13. a3 Bb7 14. Qe2 a5 15.
Nxd7 Qxd7 16. Ne5 Qc7 17. O-O Nd7 18. f4 Nf6 19. f5 Bc8 20. Qf3 Ra6 21. fxe6
Bxe6 {(=)} 22. Bf5 Qe7 23. Bh4 g5 24. Bg3 Bxf5 25. Qxf5 Nh5 26. Qc8+ 1-0

[Event "15. Offene HH Senioren EM 2008"]
[Site "Hamburg"]
[Date "2008.10.31"]
[Round "5.12"]
[White "Zippert, Georg"]
[Black "Hermann, Armin"]
[Result "1/2-1/2"]
[WhiteElo "1929"]
[BlackElo "1756"]
[PlyCount "71"]
[EventDate "2008.??.??"]
[WhiteTeam "SF Hamburg eV 1934"]
[BlackTeam "Ahrensburger TSV"]

1. e4 e5 2. Nf3 Nc6 3. Bb5 a6 4. Ba4 Nf6 5. d3 b5 6. Bb3 Be7 7. O-O d6 8. h3
Na5 9. c3 Nxb3 10. Qxb3 Be6 11. Qc2 c5 12. Be3 Rc8 13. Nbd2 O-O 14. Ng5 Bd7 15.
Rfe1 h6 16. Ngf3 Qc7 17. Nf1 Rfe8 18. Ng3 Bf8 19. Nh4 g6 20. Qd2 Kh7 21. Rac1
Qd8 22. Nf3 Bc6 {(=)} 23. Qe2 d5 24. Bd2 dxe4 25. dxe4 Qc7 26. Rcd1 Rcd8 27.
Bc1 Ng8 28. Nh2 c4 29. b3 cxb3 30. axb3 Rxd1 31. Rxd1 Rd8 32. Ng4 Rxd1+ 33.
Qxd1 f6 34. Ne3 Qd6 35. Qc2 Qd7 36. b4 1/2-1/2

[Event "15. Offene HH Senioren EM 2008"]
[Site "Hamburg"]
[Date "2008.10.31"]
[Round "5.13"]
[White "Soerens, Meno"]
[Black "Dangelowski, Peter"]
[Result "0-1"]
[WhiteElo "1479"]
[BlackElo "1791"]
[PlyCount "58"]
[EventDate "2008.??.??"]
[WhiteTeam "Schachfreunde Hamburg v. 1934 eV"]
[BlackTeam "Pinneberger SC 1932 eV"]

1. e4 c5 2. Nf3 d6 3. d4 cxd4 4. Nxd4 Nf6 5. Nc3 a6 6. Bg5 e6 7. f4 Be7 8. Qf3
Qb6 9. O-O-O Nc6 10. Nxc6 Qxc6 11. g4 b5 12. Bd3 Rb8 13. Bh4 Bb7 14. Rhe1 b4
15. g5 bxc3 16. gxf6 cxb2+ 17. Kxb2 gxf6 18. c4 Qc5 19. Kc2 Qa3 20. Ra1 Kd7 21.
Reb1 Bc6 22. Qf1 Rhg8 23. Bg3 Ba4+ 24. Kd2 Rb2+ 25. Ke3 Qc5+ 26. Kf3 Rgb8 27.
Qc1 Qd4 28. Bf1 f5 29. Qe1 Bc6 0-1

[Event "15. Offene HH Senioren EM 2008"]
[Site "Hamburg"]
[Date "2008.10.31"]
[Round "5.14"]
[White "Seemann, Hans Siegfried"]
[Black "Gette, Viktor"]
[Result "0-1"]
[WhiteElo "1779"]
[BlackElo "1500"]
[PlyCount "62"]
[EventDate "2008.??.??"]
[WhiteTeam "Koenigsspr.SC.1984 e.V."]
[BlackTeam "Koenigsspr.SC.1984 e.V."]

1. e4 e5 2. Nf3 Nc6 3. Bc4 Nf6 4. Nc3 h6 5. O-O Bc5 6. d3 O-O 7. Be3 Bxe3 8.
fxe3 d6 9. d4 Bg4 10. Qd2 Qe7 11. Rae1 a6 12. Nh4 Nxe4 13. Nxe4 Qxh4 14. Rf2
Be6 15. Bd3 exd4 16. Rf4 dxe3 17. Qxe3 Qe7 18. Qg3 f5 19. Nc3 Qd7 20. b3 Ne5
21. Bf1 Rf6 22. Qe3 Rf7 23. Rd1 Ng6 24. Rf2 f4 25. Qe4 c6 26. Rfd2 d5 27. Nxd5
Bxd5 28. Rxd5 cxd5 29. Rxd5 Qc6 30. Bc4 Kh8 31. Qd3 b5 0-1

[Event "15. Offene HH Senioren EM 2008"]
[Site "Hamburg"]
[Date "2008.10.31"]
[Round "5.15"]
[White "Hadenfeldt, Klaus"]
[Black "Lubisch, Gerwalt"]
[Result "1/2-1/2"]
[WhiteElo "1773"]
[BlackElo "1472"]
[PlyCount "50"]
[EventDate "2008.??.??"]
[WhiteTeam "Hamburger SK von 1830 eV"]
[BlackTeam "SVG Blankenese"]

1. d4 d5 2. Nf3 Nc6 3. Bf4 Bf5 4. a3 Nf6 5. e3 a6 6. c4 e6 7. Nc3 h6 8. Rc1 Bd6
9. Bxd6 Qxd6 10. Be2 Ne7 11. O-O Ng6 12. h3 O-O 13. Nd2 e5 14. f4 exf4 15. c5
Qd7 16. exf4 Bxh3 17. gxh3 Qxh3 18. Qe1 Qe3+ 19. Kh2 Nxf4 20. Qg3 Qxd2 21. Qxf4
Qxf4+ 22. Rxf4 c6 23. Rg1 Nh7 24. Bd3 Ng5 25. Nd1 Rad8 1/2-1/2

[Event "15. Offene HH Senioren EM 2008"]
[Site "Hamburg"]
[Date "2008.10.31"]
[Round "5.16"]
[White "Warneke, Perygrin"]
[Black "Keuneke, Hanno"]
[Result "1/2-1/2"]
[WhiteElo "1352"]
[BlackElo "1694"]
[PlyCount "119"]
[EventDate "2008.??.??"]
[WhiteTeam "SF Sasel 1947"]
[BlackTeam "Langenhorner SF 1928"]

1. d4 Nf6 2. c4 g6 3. Nc3 Bg7 4. e4 d6 5. f3 O-O 6. Bg5 c5 7. Nge2 Qa5 8. Qd2
Nc6 9. O-O-O cxd4 10. Nd5 Qxa2 11. Qd3 Qa1+ 12. Qb1 Qxb1+ 13. Kxb1 h6 14. Bh4
g5 15. Bf2 e5 16. Ng3 Nxd5 17. exd5 Ne7 18. Ka2 a6 19. Be1 a5 20. Bd3 Bd7 21.
Ne4 Nc8 22. Ng3 f5 23. Nh5 Ne7 24. Ng3 b5 25. cxb5 Nxd5 26. Kb1 Nb4 27. Bc4+
Kh8 28. Rc1 Rab8 29. Bxb4 axb4 30. Be2 Bxb5 31. Rc7 Bxe2 32. Nxe2 Rfc8 33. Rhc1
Rxc7 34. Rxc7 f4 35. Nc1 d5 36. Nb3 e4 37. Rd7 e3 38. Nc1 Rb5 39. Nd3 h5 40. h3
b3 41. Rc7 Kg8 42. Kc1 Ra5 43. Kb1 Rb5 44. Rc6 Kf7 45. Rc7+ Kg6 46. Rc6+ Kf5
47. Rc7 Bf6 48. Rh7 Kg6 49. Rc7 g4 50. Rc6 Kf5 51. fxg4+ hxg4 52. hxg4+ Kg5 53.
Re6 Bd8 54. Re8 Ba5 55. Rg8+ Kf6 56. Nxf4 Kf7 57. Rc8 e2 58. Nxe2 d3 59. Nc3
Bxc3 60. Rxc3 1/2-1/2

[Event "15. Offene HH Senioren EM 2008"]
[Site "Hamburg"]
[Date "2008.10.31"]
[Round "5.17"]
[White "Assmus, Edgar"]
[Black "Bobzin, Volker"]
[Result "0-1"]
[WhiteElo "1945"]
[BlackElo "1476"]
[PlyCount "78"]
[EventDate "2008.??.??"]
[WhiteTeam "Niendorfer TSV 1919 SAbt"]
[BlackTeam "Schachfreunde Hamburg v. 1934 eV"]

1. e4 e5 2. Nc3 Nf6 3. d3 Be7 4. g3 c6 5. Bg2 d6 6. Nge2 Bg4 7. h3 Bh5 8. g4
Bg6 9. Ng3 h6 10. Qe2 Na6 11. Be3 Nc7 12. a3 Ne6 13. Qd2 Nh7 14. Nge2 Bg5 15.
O-O-O Bxe3 16. fxe3 Qg5 17. Rdg1 O-O-O 18. Bf1 Qe7 19. h4 f6 20. Kb1 Nhf8 21.
Ng3 Nc7 22. Nf5 Bxf5 23. gxf5 Rg8 24. h5 Nh7 25. Bg2 Ng5 26. d4 d5 27. Re1 Rge8
28. exd5 cxd5 29. Qf2 e4 30. Bh3 Rd6 31. Bg4 Rb6 32. Ka1 Qd6 33. Be2 Rc6 34.
Bb5 Rxc3 35. Bxe8 Nxe8 36. bxc3 Qxa3+ 37. Kb1 Qxc3 38. Qf1 Nd6 39. Re2 Nc4 0-1

[Event "15. Offene HH Senioren EM 2008"]
[Site "Hamburg"]
[Date "2008.10.31"]
[Round "5.18"]
[White "Graffenberger, Marianne"]
[Black "Voss, Werner"]
[Result "0-1"]
[WhiteElo "1500"]
[BlackElo "1857"]
[PlyCount "98"]
[EventDate "2008.??.??"]
[WhiteTeam "Hamburger SK von 1830 eV"]
[BlackTeam "SK Caissa Rahlstedt"]

1. e4 c5 2. Nf3 a6 3. d4 e6 4. c3 b5 5. Be3 Qc7 6. Be2 Bb7 7. e5 d5 8. O-O Nd7
9. Nbd2 Ne7 10. Re1 Nf5 11. Bf4 g6 12. Nf1 Be7 13. Ng3 Nxg3 14. Bxg3 Qd8 15.
Qc1 h6 16. h3 Nf8 17. a3 Rc8 18. Qd2 g5 19. Nh2 h5 20. f3 Ng6 21. Bf2 Nf4 22.
Bg3 Ng6 23. Qc2 Nf4 24. Bxf4 gxf4 25. Qd2 Bh4 26. Rf1 Qg5 27. Bd3 Rg8 28. Kh1
Bg3 29. b3 Bxh2 30. Kxh2 Qg3+ 31. Kh1 Ke7 32. Qf2 {(=)} Qxf2 33. Rxf2 cxd4 34.
cxd4 Rc3 35. Bc2 Rgc8 36. Ra2 h4 37. Kh2 a5 38. b4 a4 39. Kg1 Re3 40. Kh2 Rcc3
41. Kg1 Rxa3 42. Rxa3 Rxa3 43. Rf1 Rc3 44. Rf2 Rc4 45. Rd2 Rxb4 46. Kh2 Rb2 47.
Re2 a3 48. Bd1 Rxe2 49. Bxe2 a2 0-1

[Event "15. Offene HH Senioren EM 2008"]
[Site "Hamburg"]
[Date "2008.10.31"]
[Round "5.19"]
[White "Stubbe, Werner"]
[Black "Kock, Rudolf"]
[Result "1-0"]
[WhiteElo "1723"]
[BlackElo "1474"]
[PlyCount "71"]
[EventDate "2008.??.??"]
[WhiteTeam "Niendorfer TSV 1919 SAbt"]
[BlackTeam "SF Hamburg eV 1934"]

1. e4 c5 2. Nf3 g6 3. Nc3 Bg7 4. h4 d6 5. h5 Bg4 6. hxg6 hxg6 7. Rxh8 Bxh8 8.
Bb5+ Kf8 9. Be2 Bxf3 10. Bxf3 Nc6 11. g3 Nd4 12. Bg2 Qd7 13. Ne2 Qg4 14. Nxd4
Qxd1+ 15. Kxd1 Bxd4 16. Ke2 Rb8 17. c3 Bg7 18. d3 b5 19. a3 a5 20. Bd2 e6 21.
Bf4 Rb6 22. Be3 Bh6 23. f4 e5 24. b4 Rc6 25. bxc5 dxc5 26. Rb1 b4 27. c4 Bg7
28. axb4 axb4 29. Ra1 Ne7 30. Ra8+ Nc8 31. Bh3 Kg8 32. Rxc8+ Rxc8 33. Bxc8 exf4
34. gxf4 b3 35. Kd2 Ba1 36. Bxc5 1-0

[Event "15. Offene HH Senioren EM 2008"]
[Site "Hamburg"]
[Date "2008.10.31"]
[Round "5.20"]
[White "Baumann, Siegfried"]
[Black "Schleu, Günther"]
[Result "1-0"]
[WhiteElo "1544"]
[BlackElo "1254"]
[PlyCount "45"]
[EventDate "2008.??.??"]
[WhiteTeam "SK Caissa Rahlstedt"]
[BlackTeam "Pinneberger SC 1932 eV"]

1. e4 c5 2. Nf3 e6 3. c3 Nc6 4. d4 cxd4 5. Nxd4 Nf6 6. Bg5 Be7 7. f3 O-O 8. Bd3
Nxd4 9. cxd4 Qa5+ 10. Bd2 Qb6 11. Bc3 h6 12. O-O d5 13. e5 Nh7 14. Nd2 Bd7 15.
Kh1 Bb5 16. Bxb5 Qxb5 17. f4 Rac8 18. Rf3 Bb4 19. Qb3 Qa5 20. Bxb4 Qc7 21. Rc3
Qd7 22. Bxf8 Nxf8 23. Rac1 1-0

[Event "15. Offene HH Senioren EM 2008"]
[Site "Hamburg"]
[Date "2008.10.31"]
[Round "5.21"]
[White "Hofmeier, Arthur"]
[Black "Zimmermann, Manfred"]
[Result "0-1"]
[WhiteElo "1420"]
[BlackElo "1879"]
[PlyCount "50"]
[EventDate "2008.??.??"]
[WhiteTeam "Hamburger SK von 1830 eV"]
[BlackTeam "Pinneberger SC 1932 eV"]

1. e4 c5 2. a3 d6 3. Nc3 Nf6 4. h3 a6 5. Bc4 e6 6. f4 Nxe4 7. Bxe6 Qh4+ 8. Ke2
Nxc3+ 9. dxc3 Bxe6 10. b3 Be7 11. Nf3 Qg3 12. Qf1 Bd5 13. Bd2 O-O 14. Re1 Nc6
15. Kd1 Rfe8 16. Qe2 Bf8 17. Qd3 Rxe1+ 18. Rxe1 Bxf3+ 19. gxf3 Qxh3 20. Kc1 Qh5
21. Kb2 f5 22. b4 Qf7 23. b5 c4 24. Qf1 axb5 25. Ra1 d5 0-1

[Event "15. Offene HH Senioren EM 2008"]
[Site "Hamburg"]
[Date "2008.10.31"]
[Round "5.22"]
[White "Berking, Bernhard"]
[Black "Meyer, Hans-Georg"]
[Result "1-0"]
[WhiteElo "1525"]
[BlackElo "1385"]
[PlyCount "157"]
[EventDate "2008.??.??"]

1. c4 e5 2. Nc3 Nf6 3. g3 Be7 4. Bg2 c6 5. Nf3 d6 6. O-O Be6 7. b3 O-O 8. d3
Nbd7 9. Ng5 Bf5 10. e4 Bg6 11. Nf3 h6 12. Nh4 Bh7 13. Nf5 a6 14. Kh1 Bxf5 15.
exf5 Nh7 16. Ne4 Ndf6 17. f4 Nxe4 18. dxe4 Qc7 19. fxe5 dxe5 20. Be3 Bf6 21.
Qg4 Kh8 22. Rfd1 b6 23. Rd2 Rad8 24. Rad1 c5 25. Rd6 Be7 26. R6d3 Nf6 27. Qe2
Rxd3 28. Rxd3 Rd8 29. h3 Kh7 30. g4 b5 31. cxb5 axb5 32. Rc3 Qc6 33. Qc2 b4 34.
Rc4 Qc8 35. Kh2 Nd7 36. Qc1 Nb6 37. Rc2 Nd7 38. Bf1 Nf6 39. Rc4 Nd7 40. Kg3 Qa8
41. Qb2 Nb6 42. Rc1 Qxe4 43. Re1 Qc6 44. Qc2 f6 45. Be2 Nd5 46. Qe4 Qc7 47. Bd2
Nc3 48. Bxc3 bxc3 49. Kf3 Rd4 50. Qc2 Qb7+ 51. Ke3 Qb4 52. Bc4 Rd2 53. Qb1 Qb7
54. Qe4 Qxe4+ 55. Kxe4 Rxa2 56. Rc1 c2 57. Kd5 Ra7 58. Rxc2 g6 59. fxg6+ Kxg6
60. Bd3+ Kg5 61. Rc3 Rd7+ 62. Ke4 Rd4+ 63. Kf3 e4+ 64. Bxe4 Kh4 65. Kf4 Bd6+
66. Kf5 Be7 67. Bc6 Rd2 68. Kg6 Rd6 69. Be4 Re6 70. Bf5 Re5 71. Kxh6 Bf8+ 72.
Kg6 Be7 73. Rc4 Kxh3 74. Rc3+ Kh4 75. Rf3 Rd5 76. g5 Rxf5 77. Rxf5 fxg5 78. Re5
g4 79. Rxe7 1-0

[Event "15. Offene HH Senioren EM 2008"]
[Site "Hamburg"]
[Date "2008.10.31"]
[Round "5.23"]
[White "Falk, Rolf"]
[Black "Nendza, Jan"]
[Result "0-1"]
[WhiteElo "1080"]
[BlackElo "1467"]
[PlyCount "106"]
[EventDate "2008.??.??"]
[WhiteTeam "Koenigsspr.SC.1984 e.V."]
[BlackTeam "SAbt Gehörlosen SPV 04"]

1. d4 d5 2. Nf3 e6 3. Ne5 f6 4. Ng4 h5 5. Ne3 Nc6 6. c3 Bd7 7. Nd2 g6 8. Nf3
Bd6 9. Qc2 f5 10. g3 Qf6 11. Ng2 e5 12. Bg5 Qe6 13. Bh4 Be7 14. Ng5 Bxg5 15.
Bxg5 Nf6 16. e3 Ne4 17. f4 Nxg5 18. fxg5 exd4 19. Nf4 (19. Qe2) 19... Qxe3+ 20.
Qe2 Qxe2+ 21. Bxe2 dxc3 22. bxc3 Ne7 23. h4 O-O-O 24. O-O Ba4 25. Bd1 Bb5 26.
Re1 Rde8 27. Ne6 Kd7 28. Ng7 Ref8 29. Ne6 Rf7 30. Nd4 Bd3 31. Ba4+ c6 32. Red1
Be4 33. Bb3 f4 34. Kf2 fxg3+ 35. Kxg3 Nf5+ 36. Nxf5 Rxf5 37. Rf1 Rhf8 38. Rxf5
Rxf5 39. c4 Rf3+ 40. Kh2 Rf2+ 41. Kg3 Rg2+ 42. Kh3 dxc4 43. Rd1+ Kc8 44. Bxc4
Rc2 45. Be6+ Kc7 46. Rd7+ Kb6 47. Rd4 Rc3+ 48. Kh2 Rc2+ 49. Kg3 Re2 50. Rb4+
Kc7 51. Rd4 Bb1 52. Rd7+ Kb6 53. a3 Rxe6 0-1